|
|
|
|
| LEADER |
00000nam0a2200000 4500 |
| 001 |
234285 |
| 005 |
20231101231316.0 |
| 010 |
|
|
|a 9785811414000
|
| 035 |
|
|
|a (RuTPU)RU\TPU\book\255407
|
| 090 |
|
|
|a 234285
|
| 100 |
|
|
|a 20130322d2013 m y0rusy50 ca
|
| 101 |
0 |
|
|a rus
|
| 102 |
|
|
|a RU
|
| 105 |
|
|
|a a j 001zy
|
| 200 |
1 |
|
|a Основы экологии микроорганизмов
|e учебное пособие
|f Л. А. Коростелева, А. Г. Кощаев
|
| 210 |
|
|
|a Санкт-Петербург
|c Лань
|d 2013
|
| 215 |
|
|
|a 240 с.
|c ил.
|
| 225 |
1 |
|
|a Учебники для вузов. Специальная литература
|
| 320 |
|
|
|a Библиогр.: с. 233-238.
|
| 330 |
|
|
|a Учебное пособие содержит краткие сведения по общей микробиологии, а также основные понятия, касающиеся экологии микроорганизмов и биотехнологии. Акцентировано внимание на механизмах устойчивости микробных популяций в экстремальных условиях обитания. Рассмотрены вопросы биогеохимической деятельности микроорганизмов и преемственности процессов сукцессии. Дана краткая характеристика микрофлоры почвы, воды, воздуха и описаны закономерности ее изменения под влиянием антропогенных нагрузок. Предназначено в качестве учебного пособия для студентов экологического факультета, факультетов агрономического профиля, аспирантов.
|
| 606 |
1 |
|
|a Микробиология
|2 stltpush
|3 (RuTPU)RU\TPU\subj\42262
|9 61949
|
| 610 |
1 |
|
|a микроорганизмы
|
| 610 |
1 |
|
|a экология
|
| 610 |
1 |
|
|a систематика
|
| 610 |
1 |
|
|a физиология
|
| 610 |
1 |
|
|a биотехнология
|
| 610 |
1 |
|
|a рост
|
| 610 |
1 |
|
|a размножение
|
| 610 |
1 |
|
|a биологическое окисление
|
| 610 |
1 |
|
|a аутэкология
|
| 610 |
1 |
|
|a биогеохимическая деятельность
|
| 610 |
1 |
|
|a окружающая среда
|
| 610 |
1 |
|
|a антропогенные изменения
|
| 610 |
1 |
|
|a учебные пособия
|
| 675 |
|
|
|a 579(075.8)
|v 3
|
| 700 |
|
1 |
|a Коростелева
|b Л. А.
|g Любовь Андреевна
|
| 701 |
|
1 |
|a Кощаев
|b А. Г.
|g Андрей Георгиевич
|
| 801 |
|
1 |
|a RU
|b 63413507
|c 20130322
|
| 801 |
|
2 |
|a RU
|b 63413507
|c 20150526
|g RCR
|
| 900 |
|
|
|a Экология
|
| 942 |
|
|
|c BK
|
| 953 |
|
|
|b 022000
|
| 959 |
|
|
|a 57/20130320
|d 5
|e 619,00
|f ЧЗТЛ:1
|f АНЛ:1
|f УФ:3
|